000 006440000a22002050004500
003 LK-CoMWRAF
005 20231109113024.0
008 230817t2005 ||||| |||| 00| 0 eng d
020 _a0646425463
040 _aLK-CoMWRAF
_dLK-CoMWRAF
_eLK-CoMWRAF
041 _aeng
082 _a954.93
_bIND
100 _aIndrapala, K.
245 _aThe Evolution of an Ethnic Identity:
_bThe Tamils in Sri Lanka c. 300 BCE to c. 1200 CE
260 _aSydney:
_bMV Publications,
_c2005
300 _axiv, 400 p. : ill. (some col.) ; 23 cm.
_bIndex included
650 _aTAMIL(INDIC PEOPLE)-Sri Lanka-History
650 _aHistory-Sri Lanka
942 _cBK
999 _c1327
_d1327